Gương mặt những anh hùng Tập truyện và ký

Ghi lại những hành động cách mạng và chiến công của các anh hùng, đơn vị anh hùng lực lượng vũ trang nhân dân Quảng Nam Đà Nẵng trong cuộc kháng chiến chống Mỹ

Spremljeno u:
Bibliografski detalji
Glavni autor: Nguyễn Bảo
Daljnji autori: Vũ Ngọc Bình (Tác giả), Lưu Trùng Dương (Tác giả), Trần Từ Duy (Tác giả)
Format: Knjiga
Jezik:Vietnamese
Izdano: Quảng Nam Đà Nẵng Hội Văn học nghệ thuật Quảng Nam Đà Nẵng 1981
Teme:
Oznake: Dodaj oznaku
Bez oznaka, Budi prvi tko označuje ovaj zapis!
Thư viện lưu trữ: Mạng thư viện Đại học Đà Nẵng
LEADER 01548nam a2200385 4500
001 000005398
003 1542
005 20110818150850.0
008 110816s1981 viesd
020 |c 14000đ 
041 0 |a vie 
082 |a 895.9228  |b GUO 
100 0 |a Nguyễn Bảo 
245 0 |a Gương mặt những anh hùng  |b Tập truyện và ký  |c Nguyễn Bảo, Vũ Ngọc Bình, Lưu Trùng Dương, ... 
260 |a Quảng Nam Đà Nẵng  |b Hội Văn học nghệ thuật Quảng Nam Đà Nẵng  |c 1981 
300 |a 357 tr.  |c 19 cm. 
520 |a Ghi lại những hành động cách mạng và chiến công của các anh hùng, đơn vị anh hùng lực lượng vũ trang nhân dân Quảng Nam Đà Nẵng trong cuộc kháng chiến chống Mỹ 
653 |a Anh hùng quân đội 
653 |a Quảng Nam Đà Nẵng 
653 |a Ký 
653 |a Truyện ngắn 
700 |a Vũ Ngọc Bình  |e Tác giả 
700 |a Lưu Trùng Dương  |e Tác giả 
700 |a Trần Từ Duy  |e Tác giả 
910 |a Huỳnh Thị Cẩm Lai  |d 16/08/2011 
OWN |a LSP 
AVA |a UDN50  |b LSP  |d 895.9228 GUO  |e unavailable  |t Error 5002 Not defined in file expand_doc_bib_avail.  |f 1  |g 1  |h N  |i 0  |k 1 
999 |a From the UDN01 
AVA |a UDN50  |b LSP  |d 895.9228 GUO  |e unavailable  |t Error 5002 Not defined in file expand_doc_bib_avail.  |f 1  |g 1  |h N  |i 0  |k 1 
TYP |a Monograph 
TYP |a Printed language 
980 |a Mạng thư viện Đại học Đà Nẵng